000 00597nam a22001697a 4500
005 20251108164657.0
008 250721s1985 xx 000 0 ara d
082 1 4 _a811.0809/معر
100 1 _aرفيق، معروف
245 1 0 _aبذور الكرامة :
_bدراسة حول القصائد التي نشرت بمناسبة إستشهاد المناضلة سناء محيدلي /
264 1 _aالدوحة :
_bمؤسسة الشرق للعلاقات،
_c1985.
300 _a185 ص
650 1 7 _aالشعر الوطني
650 1 7 _aشعر الفخر
942 _2ddc
_cBK
999 _c11585
_d11585